Roots and wings : (Record no. 55723)

MARC details
000 -LEADER
fixed length control field 01012naa a2200253 4500
005 - DATE AND TIME OF LATEST TRANSACTION
control field 20110810145620.0
008 - FIXED-LENGTH DATA ELEMENTS--GENERAL INFORMATION
fixed length control field 110810t xxu||||| |||| 00| 0 eng d
010 ## - LCCN (DPL NO)
LC control number ENG-103364
020 ## - INTERNATIONAL STANDARD BOOK NUMBER
Terms of availability 650.00
International Standard Book Number 9788184246919
035 ## - SYSTEM CONTROL NUMBER
System control number EN-86897
037 ## - SOURCE OF ACQUISITION
Source of stock number/acquisition DBAD/PUB
040 ## - CATALOGING SOURCE
Original cataloging agency DPL
Language of cataloging Eng
082 ## - DEWEY DECIMAL CLASSIFICATION NUMBER
Classification number 371.9045
100 ## - MAIN ENTRY--PERSONAL NAME
9 (RLIN) 32587
Personal name Pant, S.K.
245 1# - TITLE STATEMENT
Title Roots and wings :
Statement of responsibility, etc by S.K. Pant
Remainder of title reinforcing sanitation and hygiene education in schools /
260 ## - PUBLICATION, DISTRIBUTION, ETC. (IMPRINT)
Place of publication, distribution, etc New Delhi
Name of publisher, distributor, etc Allied Publishers
Date of publication, distribution, etc 2011
270 ## - ADDRESS
Address 1/13-14, Asaf Ali Road,
City New Delhi
Postal code 110002
Telephone number 011-23239001
300 ## - PHYSICAL DESCRIPTION
Extent xviii,157p. :
Dimensions 22cm (Hb)
Other physical details ill.
500 ## - GENERAL NOTE
General note Includes bibliographical references
700 ## - ADDED ENTRY--PERSONAL NAME
9 (RLIN) 33086
942 ## - ADDED ENTRY ELEMENTS (KOHA)
Institution code [OBSOLETE] dpl
Item type English Books
Source of classification or shelving scheme Dewey Decimal Classification
Call number suffix PAN
Classification part 371.9045
Holdings
Withdrawn status Lost status Source of classification or shelving scheme Damaged status Not for loan Collection code Home library Current library Date acquired Source of acquisition Cost, normal purchase price Total Checkouts Full call number Barcode Date last seen Copy number Cost, replacement price Koha item type
    Dewey Decimal Classification     Non-fiction D.B.Act.Division D.B.Act.Division 19/08/2011 DBAD/PUB 650.00   371.9045PAN EN-86897 19/08/2011 1 650.00 English Books

© Delhi Public Library
Hit Counter
free hit counter